Civilization and capitalism 15th -18th century (Registro nro. 48589)

Detalles MARC
000 -ENCABEZADO
Número de control [NR] 01250nam a2200337Ia 4500
005 - FECHA Y HORA DE LA ÚLTIMA TRANSACCIÓN
control field 20161209093118.0
008 - DE LONGITUD FIJA DE DATOS DE ELEMENTOS - INFORMACIÓN GENERAL
Elementos de longitud fija [NR] 130821s1992 xxua gr eng
020 ## - NUMERO INTERNACIONAL NORMALIZADO PARA LIBROS [R]
Número Internacional Normalizado del libro [NR] 0520081145
Términos de disponibilidad [NR] V.1
020 ## - NUMERO INTERNACIONAL NORMALIZADO PARA LIBROS [R]
Número Internacional Normalizado del libro [NR] 0520081153
Términos de disponibilidad [NR] V.2
020 ## - NUMERO INTERNACIONAL NORMALIZADO PARA LIBROS [R]
Número Internacional Normalizado del libro [NR] 0520081161
Términos de disponibilidad [NR] V.3
040 ## - FUENTE DE CATALOGACION [NR]
Agencia de catalogación original [NR] CO-BoUCM
Idioma de catalogación [NR] spa
Quien Cataloga Jose A. Gerena (modificó)
Quien Clasifica [Nuevo]
041 1# - CODIGO DE IDIOMA [R]
Código de idioma para texto/pista de sonido o título separado [R] Inglés
100 1# - ASIENTO PRINCIPAL--NOMBRE PERSONAL [NR]
Nombre personal [NR] Braudel, Fernand
ID Autoridad 1208
245 14 - MENCION DE TITULO [NR]
Título [NR] Civilization and capitalism 15th -18th century
Mención de responsabilidad, etc. [NR] Fernand Braudel; traducción de Sian Reynolds
246 ## - FORMA VARIANTE DEL TITULO [R]
Título propiamente dicho/forma breve del título [NR] Civilization and capitalism 15th-18th century
260 ## - PUBLICACION, DISTRIBUCION, ETC. (PIE DE IMPRENTA) [R]
Lugar de publicación, distribución, etc. [R] Sacramento (California, Estados Unidos)
Nombre del editor, distribuidor, etc. [R] University of Claifornia Press
Fecha de publicación, distribución, etc. [R] 1992
300 ## - DESCRIPCION FISICA [R]
Extensión [R] volúmenes
Otros detalles físicos [NR] ilustraciones
505 ## - NOTA DE CONTENIDO CON FORMATO PREESTABLECIDO [R]
Información miscelánea [R] V.1
State manifest and birth record (1764-1977). The structure of every day life.
505 ## - NOTA DE CONTENIDO CON FORMATO PREESTABLECIDO [R]
Información miscelánea [R] V.2
State manifest and birth record (1764-1977). The wheels of commerce.
505 ## - NOTA DE CONTENIDO CON FORMATO PREESTABLECIDO [R]
Información miscelánea [R] V.3
State manifest and birth record (1764-1977). The perspectiv of the world.
650 #7 - ASIENTO SECUNDARIO DE MATERIA - TERMINO TEMATICO [R]
Término temático o nombre geográfico como elemento de entrada [NR] Civilización
9 (RLIN) 7409
650 #7 - ASIENTO SECUNDARIO DE MATERIA - TERMINO TEMATICO [R]
Término temático o nombre geográfico como elemento de entrada [NR] Comercio
Subdivisión general [R] Historia
9 (RLIN) 11192
650 #7 - ASIENTO SECUNDARIO DE MATERIA - TERMINO TEMATICO [R]
Término temático o nombre geográfico como elemento de entrada [NR] Historia económica
9 (RLIN) 173
650 #7 - ASIENTO SECUNDARIO DE MATERIA - TERMINO TEMATICO [R]
Término temático o nombre geográfico como elemento de entrada [NR] Historia social
9 (RLIN) 16949
650 #7 - ASIENTO SECUNDARIO DE MATERIA - TERMINO TEMATICO [R]
Término temático o nombre geográfico como elemento de entrada [NR] Historia
9 (RLIN) 7695
690 ## - ASUNTO AGREGADO LOCAL DE ENTRADA - TÉRMINO TEMÁTICO (OCLC, RLIN)
Acceso temático local Historia universal
9 (RLIN) 16951
700 1# - ASIENTO SECUNDARIO - NOMBRE PERSONAL [R]
Nombre personal [NR] Reynolds, Sian
9 (RLIN) 62416
765 ## - ASIENTO DE IDIOMA ORIGINAL [R]
Asiento principal [NR] Civilisation matérielle économie et capitalisme
942 ## - ELEMENTOS DE ENTRADA AGREGADOS (KOHA)
Tipo de ítem principal el descrito en 300a Libro
Tema principal Historia
Edición 1
Parte restante de la signatura top. B825w
Sistema de clasificación DEWEY
Clasificación 909.08
Existencias
Fecha de último préstamo Total préstamos Total Renewals Signatura topográfica Código de barras Última vez visto Volúmen / Fascículo Ejemplar Price effective from Tipo de ítem Perdido Sistema de clasificación Dañado No prestable Tipo de ítem específico Suprimido Ubicación habitual Ubicación actual Localización Fecha de creación Forma de adquisición Costo Costo de reposición Proveedor
13/03/2020 7 13 909.08 B825w 100075976 09/12/2025 V.2 Ej.1 03/02/2013 Libro   DEWEY     Libro   Claustro Claustro 2do piso 28/02/2006 Compra 116980.00    
13/03/2020 3 11 909.08 B825w 100142912 09/12/2025 V.3 Ej.1 04/06/2014 Libro   DEWEY     Libro   Claustro Claustro 2do piso 04/06/2014 Donación 0.00 26000.00 12